Guess the 1960s song lyrics - Statistics

General Stats
  • This quiz has been taken 11 times
  • The average score is 146 of 239
Answer Stats
Answer % Correct
a
100%
A
100%
And
90%
I
90%
in
90%
love
90%
me
90%
my
90%
on
90%
that
90%
the
90%
I'll
80%
it
80%
so
80%
So
80%
this
80%
to
80%
To
80%
all
70%
All
70%
But
70%
by
70%
got
70%
I'm
70%
is
70%
it's
70%
Long
70%
need
70%
want
70%
You
70%
you
70%
are
60%
as
60%
can
60%
don't
60%
give
60%
know
60%
Know
60%
right
60%
baby
50%
Out
50%
some
50%
way
50%
Yeah
50%
yeah
50%
any
40%
care
40%
Cause
40%
let
40%
make
40%
nothing
40%
own
40%
side
40%
them
40%
turn
40%
woman
40%
Bend
30%
bend
30%
cold
30%
hide
30%
light
30%
or
30%
shape
30%
tells
30%
there's
30%
wrong
30%
badly
20%
Badly
20%
beggar
20%
clown
20%
king
20%
mind
20%
poet
20%
Poet
20%
power
20%
American Breed
10%
driving
10%
Everybody
10%
follow
10%
force
10%
gladly
10%
Gladly
10%
laugh
10%
line
10%
pay
10%
standing
10%
No matching quizzes found
Score Distribution
Percent of People with Each Score
Percentile by Number Answered
Your Score History
You have not taken this quiz